书目信息 |
| 题名: |
中国环境经济核算研究报告
|
|
| 作者: | 於方 , 周颖 , 马国霞 著 | |
| 分册: | 2011-2012 | |
| 出版信息: | 北京 中国环境出版集团 2019.09 |
|
| 页数: | xxii, 146页 | |
| 开本: | 23cm | |
| 丛书名: | 环境经济核算丛书 | |
| 单 册: | ||
| 中图分类: | X196 | |
| 科图分类: | ||
| 主题词: | 环境经济--huan jing jing ji--经济核算--研究报告--中国--2011-2012 | |
| 电子资源: | ||
| ISBN: | 978-7-5111-4111-8 | |
| 000 | 01430nam 2200301 450 | |
| 001 | 202020140327 | |
| 005 | 20200926181352.0 | |
| 010 | @a978-7-5111-4111-8@dCNY50.00 | |
| 100 | @a20200918d2019 em y0chiy50 ea | |
| 101 | 0 | @achi |
| 102 | @aCN@b110000 | |
| 105 | @aa z 000yy | |
| 106 | @ar | |
| 200 | 1 | @a中国环境经济核算研究报告@Azhong guo huan jing jing ji he suan yan jiu bao gao@h2011-2012@d= Chinese environmental and economic accounting report@h2011-2012@f於方, 周颖, 马国霞等著 |
| 210 | @a北京@c中国环境出版集团@d2019.09 | |
| 215 | @axxii, 146页@c图@d23cm | |
| 225 | 2 | @a环境经济核算丛书@Ahuan jing jing ji he suan cong shu |
| 300 | @a“十三五”国家重点图书出版规划 | |
| 330 | @a在环境经济核算账户中, 为了充分保证核算结果的科学性, 在核算方法上不够成熟以及基础数据不具备的环境污染损失和生态破坏损失项, 没有计算在内, 目前的核算结果是不完整的环境污染和生态破坏损失代价。本研究报告中的环境污染损失核算, 包括环境污染实物量和价值量核算, 价值量核算采用治理成本法和污染损失法计算环境污染虚拟治理成本和环境退化成本。 | |
| 410 | 0 | @12001 @a环境经济核算丛书 |
| 510 | 1 | @aChinese environmental and economic accounting report@h2011-2012@zeng |
| 606 | 0 | @a环境经济@Ahuan jing jing ji@x经济核算@x研究报告@y中国@z2011-2012 |
| 690 | @aX196@v5 | |
| 701 | 0 | @a於方@Ayu fang@4著 |
| 701 | 0 | @a周颖@Azhou ying@4著 |
| 701 | 0 | @a马国霞@Ama guo xia@4著 |
| 801 | 0 | @aCN@c20191225 |
| 905 | @a河南城建学院图书馆@dX196@eW699 | |
| 中国环境经济核算研究报告.2011-2012= Chinese environmental and economic accounting report.2011-2012/於方, 周颖, 马国霞等著.-北京:中国环境出版集团,2019.09 |
| xxii, 146页:图;23cm.-(环境经济核算丛书) |
| “十三五”国家重点图书出版规划 |
| ISBN 978-7-5111-4111-8:CNY50.00 |
| 在环境经济核算账户中, 为了充分保证核算结果的科学性, 在核算方法上不够成熟以及基础数据不具备的环境污染损失和生态破坏损失项, 没有计算在内, 目前的核算结果是不完整的环境污染和生态破坏损失代价。本研究报告中的环境污染损失核算, 包括环境污染实物量和价值量核算, 价值量核算采用治理成本法和污染损失法计算环境污染虚拟治理成本和环境退化成本。 |
| ● |
| 相关链接 |
|
|
|
正题名:中国环境经济核算研究报告
索取号:X196/W699
 
预约/预借
| 序号 | 登录号 | 条形码 | 馆藏地/架位号 | 状态 | 备注 |
| 1 | 1490551 | 214905511 | 自科库501/501自科库 93排1列3层/ [索取号:X196/W699] | 在馆 |